Nietypowe Flagi Państw - Statystyki

Ogólne statystyki
  • Ten quiz został rozwiązany 17 razy
  • Średni wynik to 8 z 9
Statystyki odpowiedzi
Obrazkowy Odpowiedź % Poprawnych
Nepal
100%
Paragwaj
100%
Szwajcaria
100%
Watykan
100%
Bhutan
88%
Gwatemala
82%
Eswatini
76%
Kiribati
76%
Mozambik
76%
Nie znaleziono quizów pasujących do podanych kryteriów
Rozkład punktacji
Procent ludzi z każdym wynikiem
Percentyl według liczby udzielonych odpowiedzi
Twoja historia wyników
Nie rozwiązałeś tego quizu